| 000 | 01741nam a2200301 u 4500 | ||
|---|---|---|---|
| 001 | 000017014 | ||
| 005 | 20260305073950.0 | ||
| 008 | 100312s1997 dr a r 000 0 spa d | ||
| 040 |
_aDO-SdBNP _bspa _cBNPHU |
||
| 082 |
_a306.097293 _bE59s, 1997 |
||
| 245 | 0 | 0 |
_aEnsayos sobre cultura dominicana / _cBernardo Vega ... [et al.]. |
| 250 | _a5a ed. | ||
| 260 |
_aSanto Domingo : _bFundación Cultural Dominicana; _bMuseo del Hombre Dominicano, _c1997. |
||
| 300 |
_a255 p. : _bil. ; _c23 cm. |
||
| 504 | _aIncluye referencias bibliográficas y notas al pie de las páginas. | ||
| 505 | 0 | _aPresentación -- La herencia indígena en la cultura dominicana de hoy por / Bernardo Vega -- Comentarios a la conferencia ¨La herencia indígena en la cultura dominicana hoy¨ por / Marcio Veloz Maggiolo -- Herencia española en la cultura dominicana hoy por / Carlos Dobal -- La herencia africana en la cultura dominicana actual por / Carlos Esteban Deive -- El hato y el conuco : contexto para el surgimiento de la cultura criolla por / Rubén Silié -- Las inmigraciones y su aporte a la cultura dominicana (Finales de siglo XIX y principios del XX) por / José del Castillo -- Modernización y cambios en la República Dominicana. | |
| 590 | _aInventariado, 2018/MFF | ||
| 650 | 4 |
_aCultura _zRepública Dominicana _91983 |
|
| 651 | 4 |
_aRepública Dominicana _xCivilización _97739 |
|
| 700 | 1 | 2 |
_aVega, Bernardo, _d1938 - _93222 |
| 700 | 1 | 2 |
_aDobal, Carlos _926322 |
| 700 | 1 | 2 |
_aDeive, Carlos Esteban, _d1935-2019 _91916 |
| 700 | 1 |
_aSilié, Rubén, _d1946- _91421 |
|
| 700 | 1 | 2 |
_aCastillo, José del _92145 |
| 700 | 1 | 2 |
_aMoya Pons, Frank, _d1944- _92095 |
| 710 | 2 |
_aMuseo del Hombre Dominicano _931265 |
|
| 910 | _aValidado. Control de calidad MFF | ||
| 999 |
_c16541 _d16541 |
||